Chomsky : ideas and ideals

Uloženo v:
Podrobná bibliografie
Hlavní autor: Smith, N. V.
Médium: Kniha
Jazyk:Undetermined
Vydáno: New York Cambridge University Press 2004
Témata:
Tagy: Přidat tag
Žádné tagy, Buďte první, kdo otaguje tento záznam!
Thư viện lưu trữ: Trung tâm Học liệu Trường Đại học Cần Thơ
LEADER 00533nam a2200205Ia 4500
001 CTU_158207
008 210402s9999 xx 000 0 und d
020 |c 39.99 
082 |a 410.92 
082 |b S655/2nd 
100 |a Smith, N. V. 
245 0 |a Chomsky : 
245 0 |b ideas and ideals 
245 0 |c Neil Smith 
260 |a New York 
260 |b Cambridge University Press 
260 |c 2004 
650 |a Linguistics,Ngôn ngữ học 
910 |a Nguyên 
980 |a Trung tâm Học liệu Trường Đại học Cần Thơ